Cycling Grand Tour Team Leaders, 2022 - Statistics

General Stats
  • This quiz has been taken 152 times
  • The average score is 30 of 46
Answer Stats
Answer % Correct
Richard Carapaz
99%
Primoz Roglic
98%
Tadej Pogacar
98%
Geraint Thomas
96%
Joao Almeida
91%
Mathieu van der Poel
91%
Biniam Girmay
86%
Remco Evenepoel
83%
David Gaudu
81%
Enric Mas
81%
Romain Bardet
80%
Thibaut Pinot
80%
Alexander Vlasov
79%
Caleb Ewan
76%
Guillame Martin
75%
Simon Yates
74%
Mikel Landa
73%
Ben O'Connor
71%
Mads Pedersen
71%
Alejandro Valverde
70%
Chris Froome
70%
Fabio Jakobsen
70%
Alexey Lutsenko
68%
Mark Cavendish
67%
Alexander Kristoff
66%
Sam Bennett
65%
Giulio Ciccone
63%
Michael Woods
63%
Arnaud Demare
61%
Rigoberto Uran
61%
Tom Dumoulin
59%
Wilco Kelderman
59%
Michael Matthews
57%
Marc Soler
55%
Tim Merlier
54%
Jack Haig
52%
Miguel Angel Lopez
52%
Vincenzo Nibali
49%
Hugh Carthy
44%
Andrea Vendrame
35%
Jesus Herrada
35%
Thymen Arensman
35%
Julien Bernard
27%
Thomas De Gendt
27%
Giacamo Nizzolo
24%
Jan Bakelants
9%
No matching quizzes found
Score Distribution
Percent of People with Each Score
Percentile by Number Answered
Your Score History
You have not taken this quiz